| 000 | 005220000a22001930004500 | ||
|---|---|---|---|
| 001 | 004075 | ||
| 003 | MACL | ||
| 005 | 20150801114815.0 | ||
| 008 | 150801b xxu||||| |||| 00| 0 eng d | ||
| 040 |
_aMACL _cMACL |
||
| 041 | _aEnglish | ||
| 082 | _a362.196/THO | ||
| 100 |
_aThomas, Gracious _93946 |
||
| 245 |
_aHIV Education And Prevention _bLooking Beyond The Present _cGracious Thomas |
||
| 260 |
_aNew Delhi _c2001 _bShipra Publications, |
||
| 350 | _a495 | ||
| 650 |
_aSocial Sciences _93947 |
||
| 942 |
_k362 _cBK _2ddc |
||
| 999 |
_c15966 _d15966 |
||